Regionálne aspekty vývoja nakladania s komunálnym odpadom a drobným stavebným odpadom

Salvato in:
Dettagli Bibliografici
Autore principale: Bačová, Monika
Altri autori: Stričík, Michal, 1969-
Natura: Capitolo di libro
Lingua:slovacco
Soggetti:
Tags: Aggiungi Tag
Nessun Tag, puoi essere il primo ad aggiungerne!!

MARC

LEADER 00000naa$a2200000$$$4500
001 0243680
005 20240502073939.3
041 0 |a slo 
044 |a SK 
245 1 0 |a Regionálne aspekty vývoja nakladania s komunálnym odpadom a drobným stavebným odpadom  |c Monika Bačová, Michal Stričík 
500 |a Abstrakt 
610 2 0 |a regióny 
610 2 0 |a odpad komunálny 
610 2 0 |a hospodárstvo odpadové 
610 2 0 |a stavby 
610 2 0 |a odpad 
100 1 |a Bačová, Monika 
700 1 |a Stričík, Michal, 1969-